Sidestilt Vetquiz - Statistics

General Stats
  • This quiz has been taken 57 times
  • The average score is 29 of 37
Answer Stats
% Correct
2 Arna
97%
1 Arn2
94%
6 Doning1
90%
18 Kuken
90%
36 Ærna
87%
3 Balla
87%
22 Legend1
87%
34 Vulvaen
87%
4 Bien
84%
7 Dronningen
84%
26 Parken
84%
28 Pungen
84%
11 Hvalen
81%
19 Kunstverket
81%
25 Pappa
81%
5 Biffen
77%
8 Gnisten
77%
12 Jesus
77%
17 Klitten
77%
24 Myggen
77%
37 Øgla
77%
35 Wonderboys
77%
10 Huldra
74%
29 Raketten
74%
31 Sleiken
74%
33 Toget
74%
15 Kartongen
71%
20 Larven
71%
32 Titsmaskin1
71%
9 Gubben
68%
14 Kari
68%
16 Kidden
68%
27 Pitten
68%
21 Leddet
65%
30 Sleden
65%
23 Macken
61%
13 Jomfru1
45%
No matching quizzes found
Score Distribution
Percent of People with Each Score
Percentile by Number Answered
Your Score History
You have not taken this quiz